| 000 | 00861cam a2200325 4500 | ||
|---|---|---|---|
| 008 | 090401t1995 xxu||||| |||| 00| 0 eng d | ||
| 020 | _a0750605103 | ||
| 035 | _a(Sirsi) u58754 | ||
| 041 | _aeng | ||
| 050 | _a658.99 | ||
| 100 | _aCalvert, R.E. | ||
| 245 | _aIntroduction to building management. | ||
| 250 | _a6th ed. | ||
| 260 |
_aOxford _bButterworth-Heinemann Ltd. _c1995 |
||
| 300 | _axix,392p. : ill. ; 24cm. | ||
| 350 | _a19.99 | ||
| 650 | _aBUILT ENVIRONMENT-CONSTRUCTION DESIGN | ||
| 650 | _aBUILDING INDUSTRY | ||
| 650 | _aBUILDING MANAGEMENT | ||
| 650 | _aCONSTRUCTION PLANNING | ||
| 650 |
_aFACILITIES MANAGEMENT _96240 |
||
| 650 | _aFINANCE | ||
| 650 | _aMARKETING | ||
| 650 | _aPERSONNEL MANAGEMENT | ||
| 690 | _aBUILT ENVIRONMENT | ||
| 700 | _aColes, D. | ||
| 700 | _aBailey, G. | ||
| 942 | _n0 | ||
| 948 | _c04/03/1997 | ||
| 999 |
_c94097 _d94097 |
||